Städte und Gemeinden in Tirol - Sudden Death - Statistiken

Allgemein
  • Dieses Quiz wurde 118 mal gespielt
  • Das Durchschnittsergebnis liegt bei 8 aus 15
Answers on the Grid
Answers color-coded by a green-red scale on the quiz's grid according to % correct below.
Innsbruck
Lienz
Kufstein
Kitzbühel
Mayrhofen
Reutte
Imst
Telfs
Wattens
Rattenberg
Sölden
Seefeld
Ischgl
Matrei am Brenner
Fieberbrunn
Lech
Lenggries
Kiefersfelden
Rauris
Bruneck
Villach
St. Gilgen
Hohenems
Schruns
Altstätten
Herisau
Penzberg
Saalbach
Dorf Tirol
Arnoldstein
 
Antwortstatistiken
Antwort % Korrekt
Kitzbühel
66%
Kufstein
62%
Reutte
62%
Innsbruck
60%
Ischgl
60%
Imst
57%
Lienz
57%
Sölden
57%
Seefeld
55%
Telfs
55%
Wattens
53%
Matrei am Brenner
49%
Mayrhofen
45%
Rattenberg
45%
Fieberbrunn
40%
Keine übereinstimmenden Quizze gefunden
Verteilung der Resultate
Anzahl Personen mit jedem Resultat
Perzentil nach korrekt beantworteten Fragen
Ihre Resultats-Entwicklung
Sie haben dieses Quiz noch nicht gespielt